书目信息 |
| 题名: |
水处理微生物学
|
|
| 作者: | 张胜华 主编 | |
| 分册: | ||
| 出版信息: | 北京 化学工业出版社 2005 |
|
| 页数: | 275页 | |
| 开本: | 26cm | |
| 丛书名: | ||
| 单 册: | ||
| 中图分类: | TU991.2 , X703.1 | |
| 科图分类: | ||
| 主题词: | 水处理--生物处理--高等学校--教材 | |
| 电子资源: | ||
| ISBN: | 7-5025-5904-3 | |
| 000 | 00934nam0 2200277 45 | |
| 001 | 012003968853 | |
| 005 | 20070720105542.82 | |
| 009 | 012003968853 | |
| 010 | @a7-5025-5904-3@dCNY29.00 | |
| 035 | @a(110017)062002021442 | |
| 100 | @a20050727d2005 em y0chiy0110 ea | |
| 101 | 0 | @achi |
| 102 | @aCN@b110000 | |
| 105 | @aa z 000yy | |
| 106 | @ar | |
| 200 | 1 | @a水处理微生物学@Ashui chu li wei sheng wu xue@f张胜华主编@Fzhang sheng hua zhu bian |
| 210 | @a北京@c化学工业出版社@d2005 | |
| 215 | @a275页@c图@d26cm | |
| 300 | @a高等学校教材 | |
| 330 | @a本书重点介绍了微生物的形态、细胞结构及其功能,微生物的营养、呼吸、物质代谢、生长、繁殖、遗传与变异,废水与饮用水生物处理基本原理,生物修复技术及生物制剂的开发和应用。 | |
| 606 | 0 | @a水处理@x生物处理@x高等学校@j教材 |
| 690 | @aTU991.2@v4 | |
| 690 | @aX703.1@v4 | |
| 701 | 0 | @a张胜华@Azhang sheng hua@4主编 |
| 801 | 0 | @aCN@b110017@c20070720 |
| 905 | @dTU991.2@e380@f5 | |
| 水处理微生物学/张胜华主编.-北京:化学工业出版社,2005 |
| 275页:图;26cm |
| 高等学校教材 |
| ISBN 7-5025-5904-3:CNY29.00 |
| 本书重点介绍了微生物的形态、细胞结构及其功能,微生物的营养、呼吸、物质代谢、生长、繁殖、遗传与变异,废水与饮用水生物处理基本原理,生物修复技术及生物制剂的开发和应用。 |
| ● |
| 相关链接 |
|
|
|
|
正题名:水处理微生物学
索取号:TU991.2/380
 
预约/预借
| 序号 | 登录号 | 条形码 | 馆藏地/架位号 | 状态 | 备注 |
| 1 | 0850366 | 208503662 | 第二样本阅览室/ [索取号:TU991.2/380] | 在馆 | |
| 2 | 0850367 | 208503671 | 第三借阅区/ [索取号:TU991.2/380] | 在馆 | |
| 3 | 0850368 | 208503680 | 第三借阅区/ [索取号:TU991.2/380] | 在馆 | |
| 4 | 0850369 | 208503699 | 第三借阅区/ [索取号:TU991.2/380] | 在馆 | |
| 5 | 0850370 | 208503706 | 第三借阅区/ [索取号:TU991.2/380] | 在馆 |